Le mois de mars - Statistiques

Statistiques générales
  • Ce quiz a été pris 24 fois
  • Le résultat moyen est 8 sur 13
Statistiques - réponses
Questions Réponses % Correct
Instant de l'année où le soleil traverse le plan équatorial terrestre, changeant ainsi d'hémisphère céleste. Il a lieu deux fois par an, en date du 21 septembre et du 21 mars. L'équinoxe
95%
Phénomène météorologique typique du mois de mars qui désigne un temps changeant avec des averses brèves et intenses, souvent accompagnées de vent, de grêle et de neige, entrecoupées d'éclaircies. Les giboulées
95%
Oiseau dont le retour dans les régions tempérées de l'hémisphère nord au mois de mars annonce typiquement le retour du printemps même si le film de Christian Carion avec Mathilde Seigner nous dit qu'elle "ne fait pas le printemps". L'hirondelle
95%
Père nourricier de Jésus Christ, célébré le 19 mars. Saint Joseph
95%
Évangélisateur de l'Irlande célébré le 17 mars. Saint Patrick
95%
Complétez ce dicton par le nom de deux animaux, un félin et un ovin, qui décrit bien le caractère changeant de la météo du mois de mars : « Mars arrive comme un ___ et repart comme un ______. » Lion
67%
Complétez ce dicton par le nom de deux animaux, un félin et un ovin, qui décrit bien le caractère changeant de la météo du mois de mars :
« Mars arrive comme un ___ et repart comme un ______. »
Agneau
62%
Physicien italien qui présenta le 20 mars 1800 à la Royal Society de Londres, sa nouvelle invention, la pile électrique. Alessandro Volta
62%
Épisode relaté dans les Évangiles durant lequel l'ange Gabriel dit à la sainte Vierge Marie qu'elle enfantera Jésus Christ, conçu du Saint-Esprit. Cet épisode est célébré le 25 mars. L'Annonciation
57%
Course cycliste italienne jadis disputée régulièrement au jour de la fête du saint précédent de 1933 à 1977 et est depuis disputée le premier samedi après la fête pour des raisons télévisuelles. En 2026, elle aura lieu le 21 mars. Milan-Sanremo
33%
Ville d'Amérique dans laquelle est organisée la plus grande et la plus ancienne parade en l'honneur du saint précédent, en date du 17 mars. New York
33%
Ville d'Amérique où depuis 1962, la rivière homonyme qui y coule prend une couleur verte, couleur de l'Irlande, grâce à un colorant écologique, au moment de la fête du 17 mars. Chicago
24%
Forteresse située en Occitanie dans l'ancien comté de Foix. Sa chute au 1er mars 1244 marqua la fin de la croisade contre les cathares. La forteresse de Montségur
10%
Aucun quiz correspondant
Distribution des résultats
% des personnes avec chaque résultat
Percentile par nombre de réponses
Votre historique - résultats
Vous n’avez pas pris ce quiz